| 000 | 00543nam a2200193Ia 4500 | ||
|---|---|---|---|
| 005 | 20250508164628.0 | ||
| 008 | 008 250505s9999 xx 000 0 hin d | ||
| 037 | _aTextual | ||
| 040 |
_aFEDL _beng _cFEDL |
||
| 041 |
_ahin _2eng |
||
| 084 |
_a500, NCE _qFEDL |
||
| 245 | 0 | _aPrathamik kakshaon ke liye samaniya vigyan. 3 bhag | |
| 245 | 0 | _cNCERT | |
| 490 | _vPt.1. 305 p. Rs. 4.50 | ||
| 546 | _aAcc. No. 083851 and 083591 are MACESE books | ||
| 650 | _aScience | ||
| 942 |
_cTEXL _h500, NCE |
||
| 999 |
_c1390225 _d1390225 |
||